Estética de la creación verbal

Sábháilte in:
Sonraí bibleagrafaíochta
Príomhchruthaitheoir: Bajtín, Mijaíl Mijáilovich (Údar)
Formáid: LEABHAR
Teanga:Spáinnis
Foilsithe / Cruthaithe: Ciudad de México Siglo Veintiuno 1999
Eagrán:10a. ed
Sraith:Lingüística y Teoría Literaria
Ábhair:
Clibeanna: Cuir clib leis
Níl clibeanna ann, Bí ar an gcéad duine le clib a chur leis an taifead seo!

MARC

LEADER 00000nam a2200000 a 4500
001 UCO4480
003 CL-VaPUC
008 000804e19990000MX |||||||||||||||||spa|d
020 |a 968231111X 
082 0 4 |a 401  |b BAJ  |2 21 
100 0 |a Bajtín, Mijaíl Mijáilovich  |e author  |9 449032 
245 1 0 |a Estética de la creación verbal 
250 |a 10a. ed 
300 |a 396 p 
942 |c BK 
945 |d 20000804 00:00:00  |a vberengu 
260 |a Ciudad de México  |b Siglo Veintiuno  |c 1999 
650 0 |a Estética   |9 264950 
650 0 |a Filosofía del lenguaje  |9 257082 
583 |a last modification  |c 20190725 11:22:35  |k Rodrigo Vera 
490 0 |a Lingüística y Teoría Literaria 
999 |c 290520  |d 290518 
952 |0 0  |1 0  |4 0  |6 401_000000000000000_BAJ_1999  |7 0  |8 A  |9 340009  |a FDOPOS  |b BIBEDU  |d 2019-11-20  |i 3681947  |l 1  |o 401 BAJ 1999  |p 3681947  |r 2025-03-17  |s 2025-03-11  |w 2019-11-20  |y BK  |k MLA 
952 |0 0  |1 0  |4 0  |6 401_000000000000000_BAJ_1999  |7 0  |8 A  |9 340010  |a FDOPOS  |b FDOPOS  |d 2019-11-20  |i 3809951  |o 401 BAJ 1999  |p 3809951  |r 2019-11-20  |w 2019-11-20  |y BK  |k MLH 
952 |0 0  |1 0  |4 0  |6 401_000000000000000_BAJ_1999  |7 0  |8 A  |9 340011  |a FDOPOS  |b FDOPOS  |d 2019-11-20  |i 4105648  |o 401 BAJ 1999  |p 4105648  |r 2019-11-20  |w 2019-11-20  |y BK  |k MLA